LEADER 02234oas 2200745 a 450 001 9910703105303321 005 20251105213014.0 035 $a(OCoLC)663224862 035 $a(CONSER) 2011230390 035 $a(CKB)991042726037978 035 $a(EXLCZ)99991042726037978 100 $a20100909b197219uu ua 101 0 $aeng 135 $aur||||||||||| 181 $ctxt$2rdacontent 182 $cc$2rdamedia 183 $acr$2rdacarrier 200 00$aNewspapers in microform$iForeign countries /$f[compiled and edited by the Catalog Management and Publication Division, Library of Congress] 210 $aWashington, D.C. $cLibrary of Congress 215 $a1 volume $cdigital, PDF file 311 08$a0192-1231 410 0$aLibrary of Congress catalogs. 517 1 $aForeign countries 606 $aNewspapers$vMicroform catalogs 606 $aNewspapers$vBibliography$vUnion lists 606 $aNewspapers in microform$vBibliography$vUnion lists 606 $aUnion catalogs 606 $aNewspapers$2fast$3(OCoLC)fst01037111 606 $aNewspapers in microform$2fast$3(OCoLC)fst01037186 606 $aUnion catalogs$2fast$3(OCoLC)fst01733640 608 $aMicroform catalogs. 608 $aBibliographies.$2fast 608 $aMicroform catalogs.$2fast 608 $aUnion catalogs.$2fast 608 $aBibliographies.$2lcgft 608 $aUnion catalogs.$2lcgft 615 0$aNewspapers 615 0$aNewspapers 615 0$aNewspapers in microform 615 0$aUnion catalogs. 615 7$aNewspapers. 615 7$aNewspapers in microform. 615 7$aUnion catalogs. 676 $a011/.35 712 02$aLibrary of Congress.$bCatalog Management and Publication Division. 712 02$aLibrary of Congress.$bCatalog Publication Division. 801 0$bOCLCE 801 1$bOCLCE 801 2$bOCLCQ 801 2$bGPO 801 2$bOCLCQ 801 2$bOCLCF 801 2$bOCL 801 2$bOCLCQ 801 2$bGILDS 801 2$bOCL 801 2$bOCLCO 801 2$bOCLCQ 801 2$bDOS 801 2$bOCLCL 801 2$bOCLCQ 906 $aJOURNAL 912 $a9910703105303321 996 $aNewspapers in microform$93287199 997 $aUNINA